| 000 | 01308nam a22003497a 4500 | ||
|---|---|---|---|
| 003 | CHAP | ||
| 005 | 20220329143447.0 | ||
| 008 | 091030s2006 mx a r 00010 spa d | ||
| 010 | _a96984 | ||
| 011 | _a97956 | ||
| 020 | _a9684846649 | ||
| 035 | _a108630 | ||
| 040 | _cCHAP | ||
| 082 | 0 | 4 |
_a860 _bF11 |
| 100 | 0 | 0 |
_aFabela, Isidro. _939264 |
| 245 | 1 | 0 |
_aA mi señor don Quijote _c/por Isidro Fabela |
| 260 |
_aToluca, Méx. : _bGobierno del Estado de México, _c2006 |
||
| 300 |
_a116 p. : _bláms. |
||
| 490 | 0 |
_aAutores, textos y temas. _pFilosofía |
|
| 490 | 0 |
_aBiblioteca Mexiquense del Bicentenario. _pEl corazón y los confines |
|
| 590 |
_aBATCH-UPD _b10 _c20130110 _lUCH01 _h1905 |
||
| 590 |
_aBATCH-UPD _b10 _c20130410 _lUCH01 _h1232 |
||
| 590 |
_aBATCH-UPD _b10 _c20130914 _lUCH01 _h0916 |
||
| 590 |
_aCONVERSION _b10 _c20130109 _lUCH01 _h1354 |
||
| 600 | 1 | 4 |
_aCervantes Saavedra, Miguel de _d1547-1616. _tEl Ingenioso Hidalgo Don Quijote de la Mancha _xCrítica e interpretación. _921617 |
| 650 | 1 | 4 |
_aLiteratura _xReseñas. _967118 |
| 830 | 0 |
_aAutores, textos y temas. _pFilosofía _98425 |
|
| 830 | 0 |
_aBiblioteca Mexiquense del Bicentenario. _pEl corazón y los confines _912430 |
|
| 901 | _aBK | ||
| 942 | _cLIBRO | ||
| 949 |
_a860 F11 _bBC _cLIBRO _d33724002132256 _eLIBRO _gI.c/e _h111255 _i108630 _si |
||
| 999 |
_c96984 _d96984 |
||